000 00477nam a2200157 i 4500
001 78084
003 ES-MaACL
007 t|
008 041011s1909 fr ||||1| fre d
100 1 _aHarrison, Frédéric.
_961931
245 1 0 _aJohn Ruskin, 1819-1900 /
_cFrédéric Harrison ; traduit par Louis Baraduc.
260 _aParis :
_b[s.n.,
_c1909] (
_eSaint Amand :
_fBussière)
300 _a303 p. ;
_c19 cm.
700 1 _aBaraduc, Louis.
_925277
852 _aES-MaACL
_jG-14861
999 _c78084
_d78084